| 000 | 00333nam a22001337a 4500 | ||
|---|---|---|---|
| 020 | _a9780517531921 | ||
| 040 | _cMuhammad Ibrahim | ||
| 082 |
_a972.91 _bWAR 1978 |
||
| 100 |
_a Ward, Fred _9118295 |
||
| 245 |
_aInside Cuba today _cFred Ward |
||
| 260 |
_aNew York _bCrown Publishers _c1978 |
||
| 300 | _a308 p | ||
| 942 |
_2ddc _cBK |
||
| 999 |
_c603271 _d603271 |
||